Wszystkie Międzynarodowe Trofea Klubowe w XXI w. - Statystyki

Ogólne statystyki
  • Ten quiz został rozwiązany 80 razy
  • Średni wynik to 60 z 78
Statystyki odpowiedzi
Rok Kraj % Poprawnych
Liga Mistrzów UEFA 2001/02 Real Madryt
100%
Liga Mistrzów UEFA 2013/14 Real Madryt
100%
Liga Mistrzów UEFA 2015/16 Real Madryt
100%
Liga Mistrzów UEFA 2016/17 Real Madryt
100%
Liga Mistrzów UEFA 2017/18 Real Madryt
100%
Liga Mistrzów UEFA 2021/22 Real Madryt
100%
Liga Mistrzów UEFA 2023/24 Real Madryt
100%
Puchar Interkontynentalny 2002 Real Madryt
100%
Puchar Interkontynentalny 2024 Real Madryt
100%
Klubowe MŚ FIFA 2014 Real Madryt
100%
Klubowe MŚ FIFA 2016 Real Madryt
100%
Klubowe MŚ FIFA 2017 Real Madryt
100%
Klubowe MŚ FIFA 2018 Real Madryt
100%
Klubowe MŚ FIFA 2022 Real Madryt
100%
Liga Mistrzów UEFA 2005/06 Barcelona
97%
Liga Mistrzów UEFA 2008/09 Barcelona
97%
Liga Mistrzów UEFA 2010/11 Barcelona
97%
Liga Mistrzów UEFA 2014/15 Barcelona
97%
Klubowe MŚ FIFA 2009 Barcelona
97%
Klubowe MŚ FIFA 2011 Barcelona
97%
Klubowe MŚ FIFA 2015 Barcelona
97%
Klubowe MŚ FIFA 2010 Inter
95%
Liga Mistrzów UEFA 2004/05 Liverpool
94%
Liga Mistrzów UEFA 2018/19 Liverpool
94%
Liga Europy UEFA 2000/01 Liverpool
94%
Klubowe MŚ FIFA 2019 Liverpool
94%
Liga Mistrzów UEFA 2022/23 Manchester City
94%
Klubowe MŚ FIFA 2023 Manchester City
94%
Klubowe MŚ FIFA 2020 Bayern
92%
Liga Mistrzów UEFA 2024/25 Paris SG
92%
Liga Mistrzów UEFA 2000/01 Bayern Monachium
91%
Liga Mistrzów UEFA 2012/13 Bayern Monachium
91%
Liga Mistrzów UEFA 2019/20 Bayern Monachium
91%
Puchar Interkontynentalny 2001 Bayern Monachium
91%
Klubowe MŚ FIFA 2013 Bayern Monachium
91%
Liga Mistrzów UEFA 2011/12 Chelsea
91%
Liga Mistrzów UEFA 2020/21 Chelsea
91%
Liga Europy UEFA 2012/13 Chelsea
91%
Liga Europy UEFA 2018/19 Chelsea
91%
Liga Konferencji UEFA 2024/25 Chelsea
91%
Klubowe MŚ FIFA 2021 Chelsea
91%
Liga Mistrzów UEFA 2007/08 Manchester United
91%
Liga Europy UEFA 2016/17 Manchester United
91%
Klubowe MŚ FIFA 2008 Manchester United
91%
Liga Mistrzów UEFA 2002/03 Milan
88%
Liga Mistrzów UEFA 2006/07 Milan
88%
Klubowe MŚ FIFA 2007 Milan
88%
Liga Mistrzów UEFA 2003/04 Porto
74%
Liga Europy UEFA 2002/03 Porto
74%
Liga Europy UEFA 2010/11 Porto
74%
Puchar Interkontynentalny 2004 Porto
74%
Liga Europy UEFA 2009/10 Atletico Madryt
71%
Liga Europy UEFA 2011/12 Atletico Madryt
71%
Liga Europy UEFA 2017/18 Atletico Madryt
71%
Liga Europy UEFA 2005/06 Sevilla
71%
Liga Europy UEFA 2006/07 Sevilla
71%
Liga Europy UEFA 2013/14 Sevilla
71%
Liga Europy UEFA 2014/15 Sevilla
71%
Liga Europy UEFA 2015/16 Sevilla
71%
Liga Europy UEFA 2019/20 Sevilla
71%
Liga Europy UEFA 2022/23 Sevilla
71%
Liga Konferencji UEFA 2021/22 Roma
69%
Liga Europy UEFA 2024/25 Tottenham Hotspur
63%
Liga Europy UEFA 2023/24 Atalanta Bergamo
51%
Liga Europy UEFA 2020/21 Villarreal
49%
Liga Konferencji UEFA 2022/23 West Ham
48%
Liga Mistrzów UEFA 2009/10 Inter Mediolan
38%
Liga Konferencji UEFA 2023/24 Olympiakos
35%
Liga Europy UEFA 2003/04 Valencia
34%
Liga Europy UEFA 2021/22 Eintracht Frankfurt
31%
Liga Europy UEFA 2007/08 Zenit St.Petersburg
31%
Liga Europy UEFA 2008/09 Szachtar Donieck
28%
Liga Europy UEFA 2001/02 Feyenoord
26%
Liga Europy UEFA 2004/05 CSKA Moskwa
15%
Puchar Interkontynentalny 2003 Boca Juniors
12%
Klubowe MŚ FIFA 2012 Corinthians
9%
Klubowe MŚ FIFA 2005 Sao Paulo
8%
Klubowe MŚ FIFA 2006 Internacional
3%
Nie znaleziono quizów pasujących do podanych kryteriów
Rozkład punktacji
Procent ludzi z każdym wynikiem
Percentyl według liczby udzielonych odpowiedzi
Twoja historia wyników
Nie rozwiązałeś tego quizu